Eurofondy v najmenej rozvinutých okresoch

Od konca roku 2015 získavajú okresy s dlhodobo vysokou mierou nezamestnanosti štatút najmenej rozvinutých okresov. Tieto okresy by mali byť zvýhodňované pri čerpaní príspevkov z fondov EÚ. Skúmanie, či sa tieto zvýhodnenia odrážajú aj vo väčšej sume získaných Eur na obyvateľa. Najmenej rozvinutým ok...

ver descrição completa

Na minha lista:
Detalhes bibliográficos
Autor principal: Hojdan, Dávid, 1995-
Formato: Capítulo de Livro
Idioma:eslovaco
Assuntos:
Tags: Adicionar Tag
Sem tags, seja o primeiro a adicionar uma tag!

MARC

LEADER 00000naa a2200000 4500
001 0280890
005 20260313083314.1
041 0 |a slo 
044 |a SK 
245 1 0 |a Eurofondy v najmenej rozvinutých okresoch  |c Dávid Hojdan 
520 |a Od konca roku 2015 získavajú okresy s dlhodobo vysokou mierou nezamestnanosti štatút najmenej rozvinutých okresov. Tieto okresy by mali byť zvýhodňované pri čerpaní príspevkov z fondov EÚ. Skúmanie, či sa tieto zvýhodnenia odrážajú aj vo väčšej sume získaných Eur na obyvateľa. Najmenej rozvinutým okresom sa v oblasti získavania eurofondov darí viac v Prešovskom kraji ako v Banskobystrickom či Košickom. Štatút najmenej rozvinutého okresu pomohol v získaní vyššej sumy príspevkov z eurofondov a taktiež sa zvýšila aj ich úspešnosť v schvaľovacom procese. 
610 2 0 |a okresy 
610 2 0 |a fondy Európskej únie 
610 2 0 |a regióny 
610 2 0 |a rozvoj regionálny 
100 1 |a Hojdan, Dávid, 1995-